000 00495cam a22002051 4500
001 sa 67001900
003 DLC
005 20260227112326.0
008 890621s1965 ii 000 0 hino
010 _asa 67001900
035 _a(OCoLC)19906052
040 _aDLC
_cWaU
_dDLC
042 _apremarc
050 0 0 _aPK2098.S489
_bV4 1965
100 1 _aSharma, Shri Ram,
_d1892-1967.
245 1 0 _aVe jīte kaise haiṃ?
260 _c[1965]
300 _a198 p.
_c19 cm.
500 _aIn Hindi.
999 _c72919
_d72919